000 00721nam a22002177a 4500
005 20240530110956.0
008 220126b1993 ua g 000 0 ara d
020 _a9775424046
040 _aEG-CaGPL
_cEG-CaGPL
082 0 4 _221
_a811.9 /
_b ك ب
100 0 _aكمال سعد
245 1 2 _aبيرم التونسى :
_bعاصفة من الحارة المصرية /
_cكمال سعد .
250 _aط1
260 _aالقاهرة :
_bدار الامين للنشر والتوزيع :
_c1993.
300 _a215 ص؛
_c24 سم.
650 0 7 _2qrmak
_aالادب العربى
650 0 7 _2qrmak
_aبيرم التونسى
651 _2qrmak
942 _2ddc
_cBK
999 _c67098
_d67098